| Поле | Инд. | ПП | Название | Значение |
|---|---|---|---|---|
| Тип записи | a | |||
| Библиографический уровень | b | |||
| 001 | Контрольный номер | RU/IS/BASE/148578431 | ||
| 005 | Дата корректировки | 20200608194410.0 | ||
| 084 | a | Индекс другой классификации/Индекс ББК | 66.4в; 66.01; 60.000.3 | |
| 100 | 1_ | a | Автор | Цыганков А. П. |
| 245 | a | Заглавие | Национальная идентичность и природа политико-экономических идей в постсоветском мире | |
| 504 | a | Библиография | Библиогр. ссылки. - Примеч. | |
| 650 | a | Основная рубрика | международные отношения | |
| a | Основная рубрика | политика | ||
| a | Основная рубрика | политическая философия (философия политики) | ||
| a | Основная рубрика | политология | ||
| a | Основная рубрика | социальная философия | ||
| a | Основная рубрика | философия | ||
| 653 | a | Ключевые слова | Белоруссия | |
| a | Ключевые слова | конструктивистский подход | ||
| a | Ключевые слова | Латвия | ||
| a | Ключевые слова | методология политических исследований | ||
| a | Ключевые слова | национальная идентичность | ||
| a | Ключевые слова | национальная независимость | ||
| a | Ключевые слова | национальная память | ||
| a | Ключевые слова | национальное самосознание | ||
| a | Ключевые слова | государственная независимость | ||
| a | Ключевые слова | политико-экономические идеи | ||
| a | Ключевые слова | политические отношения | ||
| a | Ключевые слова | политическое поведение | ||
| a | Ключевые слова | постсоциалистические страны | ||
| a | Ключевые слова | реалистский подход | ||
| a | Ключевые слова | Россия | ||
| a | Ключевые слова | теория международных отношений | ||
| a | Ключевые слова | Украина | ||
| a | Ключевые слова | экономическая безопасность | ||
| a | Ключевые слова | экономическая политика | ||
| a | Ключевые слова | экономические факторы политики | ||
| 773 | t | Заглавие источника | Вестник Московского университета. Серия 18, Социология и политология | |
| d | Дата издания источника | 2002 | ||
| g | Прочая информация | № 2. - С. 61 - 79 | ||
| w | Контрольный № источника | RU/IS/BASE/148577961 | ||
| 901 | t | Тип документа | b |